000 00426 a2200157 4500
999 _c1988
_d1988
020 _a9788131506509
050 _aHG179.LEA 2006
100 _aLeach Chris
245 _aFinance for entrepreneurs/
_cJ Chris Leach and Ronald W Melicher
264 _aNew York:
_bCengage learning.,
_c2006
300 _a472pages
500 _alncludes index
650 _aFinance
700 _aRonald W Melicher
942 _2lcc
_cBK
_h179
_iLEA
_kHG